Livelihood : dramatic reveries /

Bibliographic Details
Main Author: Gibson, Wilfrid Wilson, 1878-1962
Format: Book
Language:English
Published: New York : The Macmillan company, 1917.

MARC

Tag First Indicator Second Indicator Subfields
LEADER 00000cam a2200000 4500
001 in00000026218
005 20151007061211.0
008 790111s1917 nyu 00010 eng
010 |a  17001621  
035 |a (OCoLC)04540536 
035 |9 AAD1409AM 
040 |a DAY  |c DAY  |d TXA  |d UtOrBLW 
049 |a TXAM  |c [9184] 
050 0 0 |a PR6013.I29  |b L5 1917 
092 |a 821  |b G45 
100 1 |a Gibson, Wilfrid Wilson,  |d 1878-1962. 
245 1 0 |a Livelihood :  |b dramatic reveries /  |c by Wilfrid Wilson Gibson ... 
264 1 |a New York :  |b The Macmillan company,  |c 1917. 
300 |a vii, 119 pages ;  |c 20 cm. 
336 |a text  |b txt  |2 rdacontent 
337 |a unmediated  |b n  |2 rdamedia 
338 |a volume  |b nc  |2 rdacarrier 
500 |a Poems. 
999 |a MARS 
999 f f |s d6a461a1-68e5-3a61-b07f-d345f7cffd0f  |i 9a0d40c2-aba6-31ec-a721-8ca611a3547c  |t 0 
952 f f |p ric  |a Texas A&M University  |b Rellis Campus  |c Joint Library Facility  |d Remote Storage  |t 0  |e PR6013.I29 L5 1917  |h Library of Congress classification  |i unmediated -- volume  |m A14801280008 
998 f f |a PR6013.I29 L5 1917  |t 0  |l Remote Storage